| 000 | 01296nam a2200229Ia 4500 | ||
|---|---|---|---|
| 999 |
_c39831 _d39831 |
||
| 001 | 6436 | ||
| 003 | GE_BSU | ||
| 005 | 20190627204144.0 | ||
| 008 | 181216s1979||||ge |||||||||||||| ||geo|| | ||
| 041 | _ageo | ||
| 080 | _a621.396(076) ლ-13 | ||
| 245 |
_aლაბორატორიული სამუშაოები მაძლიერებელი მოწყობილობების კურსში / _cშემდგ : გ.ლეჟავა ; გ.ხარაბაძე ; თ.ლომთაძე ; რედ : მ.ძიძიგური. |
||
| 264 |
_aთბილისი : _bსპი, _c1979. |
||
| 300 |
_a96 გვ .: _c20 სმ. |
||
| 653 | _aლაბორატორიული სამუშაოები მაძლიერებელი მოწყობილობების კურსში | ||
| 653 | _aმაძლიერებელი მოწყობილობები | ||
| 700 |
_aლეჟავა, გ _eშემდგენელი _93023 |
||
| 700 |
_aხარაბაძე, თ _eშემდგენელი _93024 |
||
| 700 |
_aლომთაძე, თ _eშემდგენელი _93025 |
||
| 700 |
_aძიძიგური, მ _eრედაქტორი _9472 |
||
| 942 |
_cBK _2udc |
||